<?xml version="1.0" encoding="UTF-8"?>
<record
    xmlns:xsi="http://www.w3.org/2001/XMLSchema-instance"
    xsi:schemaLocation="http://www.loc.gov/MARC21/slim http://www.loc.gov/standards/marcxml/schema/MARC21slim.xsd"
    xmlns="http://www.loc.gov/MARC21/slim">

  <leader>00736nam a22002297a 4500</leader>
  <controlfield tag="003">UA-OsUOA</controlfield>
  <controlfield tag="001"> 49770 </controlfield>
  <controlfield tag="007">ta</controlfield>
  <controlfield tag="008">20140127b un ||||| |||| 00| 0 ukr d</controlfield>
  <datafield tag="090" ind1=" " ind2=" ">
    <subfield code="a">030</subfield>
    <subfield code="b">&#x423;45</subfield>
  </datafield>
  <datafield tag="942" ind1=" " ind2=" ">
    <subfield code="c">BK</subfield>
  </datafield>
  <datafield tag="040" ind1=" " ind2=" ">
    <subfield code="a">UA-OsUOA</subfield>
    <subfield code="b">ukr</subfield>
    <subfield code="c">UA-OsUOA</subfield>
    <subfield code="d">UA-OsUOA</subfield>
  </datafield>
  <datafield tag="245" ind1=" " ind2=" ">
    <subfield code="a">&#x423;&#x43A;&#x440;&#x430;&#x457;&#x43D;&#x441;&#x44C;&#x43A;&#x456; &#x430;&#x440;&#x445;&#x456;&#x432;&#x456;&#x441;&#x442;&#x438;: &#x411;&#x456;&#x43E;&#x431;&#x456;&#x431;&#x43B;&#x456;&#x43E;&#x433;&#x440;&#x430;&#x444;&#x456;&#x447;&#x43D;&#x438;&#x439; &#x434;&#x43E;&#x432;&#x456;&#x434;&#x43D;&#x438;&#x43A;</subfield>
    <subfield code="b">&#x412;&#x438;&#x43F;. &#x43F;&#x435;&#x440;&#x448;&#x438;&#x439;</subfield>
    <subfield code="c">(&#x425;&#x406;&#x425; &#x441;&#x442;. - 1930-&#x442;&#x456; &#x440;&#x440;.)</subfield>
  </datafield>
  <datafield tag="300" ind1=" " ind2=" ">
    <subfield code="a">368 &#x441;.</subfield>
  </datafield>
  <datafield tag="955" ind1=" " ind2=" ">
    <subfield code="a">1</subfield>
  </datafield>
  <datafield tag="041" ind1=" " ind2=" ">
    <subfield code="a">ukr</subfield>
  </datafield>
  <datafield tag="080" ind1=" " ind2=" ">
    <subfield code="a">030</subfield>
  </datafield>
  <datafield tag="260" ind1=" " ind2=" ">
    <subfield code="a">&#x41A;.</subfield>
    <subfield code="c">1999</subfield>
  </datafield>
  <datafield tag="650" ind1=" " ind2="7">
    <subfield code="a">030 &#x417;&#x430;&#x433;&#x430;&#x43B;&#x44C;&#x43D;&#x456; &#x434;&#x43E;&#x432;&#x456;&#x434;&#x43A;&#x43E;&#x432;&#x456; &#x43F;&#x440;&#x430;&#x446;&#x456;</subfield>
    <subfield code="2">UDC</subfield>
  </datafield>
  <datafield tag="999" ind1=" " ind2=" ">
    <subfield code="c">429894</subfield>
    <subfield code="d">429894</subfield>
  </datafield>
  <datafield tag="952" ind1=" " ind2=" ">
    <subfield code="0">0</subfield>
    <subfield code="1">0</subfield>
    <subfield code="2">udc</subfield>
    <subfield code="4">0</subfield>
    <subfield code="7">0</subfield>
    <subfield code="a">300</subfield>
    <subfield code="b">300</subfield>
    <subfield code="d">2014-01-27</subfield>
    <subfield code="e">293/2012</subfield>
    <subfield code="g">1.00</subfield>
    <subfield code="i">2135594</subfield>
    <subfield code="l">0</subfield>
    <subfield code="o">030 &#x423;45</subfield>
    <subfield code="p">2135594</subfield>
    <subfield code="r">2019-09-14 00:00:00</subfield>
    <subfield code="w">2014-01-27</subfield>
    <subfield code="y">BK</subfield>
  </datafield>
</record>
